Ta sama litera początkowa i końcowa - Historia #2 - Statystyki

Ogólne statystyki
  • Ten quiz został rozwiązany 29 razy
  • Średni wynik to 12 z 20
Statystyki odpowiedzi
Wskazówka Odpowiedź % Poprawnych
K Legendarny założyciel Krakowa Krak
92%
O Pan Von Bismarck Otto
92%
P Inaczej wojna szwedzka Potop
92%
N Francuz, który podbił większość Europy Napoleon
88%
K Twórca teorii heliodentrycznej Kopernik
85%
G Wynalazca prasy drukarskiej z ruchomą czcionką Gutenberg
81%
N Jedyny prezydent USA, który zrezygnował Nixon
73%
A Przywódca Hunów Attyla
69%
K Polski taniec narodowy, który swoją nazwę wziął od regionu Kujawiak
69%
D Kapłan celtycki Druid
65%
M „izm”, który doprowadził do powstania Związku Radzieckiego Marksizm
62%
T Dawny kraj rządzony przez Lamę Tybet
58%
T Ruch taneczny popularny na początku lat 60. Twist
54%
G Najsłynniejsza bitwa wojny secesyjnej w USA Gettysburg
50%
C Marka samochodów luksusowych nazwana na cześć założyciela Detroit Cadillac
46%
G Napój marynarski z wody i rumu Grog
38%
A Starożytne królestwo Mezopotamii Asyria
35%
K Bitwa kampanii wrześniowej Kock
31%
R Miecz pojedynkowy przeznaczony do dźgania Rapier
31%
X Firma, która wynalazła mysz komputerową Xerox
23%
Nie znaleziono quizów pasujących do podanych kryteriów
Rozkład punktacji
Procent ludzi z każdym wynikiem
Percentyl według liczby udzielonych odpowiedzi
Twoja historia wyników
Nie rozwiązałeś tego quizu